MARC details
| 000 -LEADER |
| fixed length control field |
02643nam a2200277 i 4500 |
| 003 - CONTROL NUMBER IDENTIFIER |
| control field |
CSPC |
| 005 - DATE AND TIME OF LATEST TRANSACTION |
| control field |
20260213160328.0 |
| 008 - FIXED-LENGTH DATA ELEMENTS--GENERAL INFORMATION |
| fixed length control field |
260212s2021 nyua 000 0 eng d |
| 020 ## - INTERNATIONAL STANDARD BOOK NUMBER |
| International Standard Book Number |
9781984645500 |
| 040 ## - CATALOGING SOURCE |
| Original cataloging agency |
CSPC |
| Language of cataloging |
eng |
| Transcribing agency |
CSPC |
| Description conventions |
rda |
| 082 04 - DEWEY DECIMAL CLASSIFICATION NUMBER |
| Classification number |
641.03 |
| Item number |
Il688 |
| 245 00 - TITLE STATEMENT |
| Title |
Illustrated dictionary of food and beverage : |
| Remainder of title |
terms, definitions, examples. |
| 250 ## - EDITION STATEMENT |
| Edition statement |
2nd edition. |
| 264 #1 - PRODUCTION, PUBLICATION, DISTRIBUTION, MANUFACTURE, AND COPYRIGHT NOTICE |
| Place of production, publication, distribution, manufacture |
New York : |
| Name of producer, publisher, distributor, manufacturer |
3G E-Learning, |
| Date of production, publication, distribution, manufacture, or copyright notice |
2021. |
| 300 ## - PHYSICAL DESCRIPTION |
| Extent |
232 pages : |
| Other physical details |
illustrations ; |
| Dimensions |
26 cm. |
| 336 ## - CONTENT TYPE |
| Source |
rdacontent |
| Content type term |
text |
| 337 ## - MEDIA TYPE |
| Source |
rdamedia |
| Media type term |
unemdiated |
| 338 ## - CARRIER TYPE |
| Source |
rdacarrier |
| Carrier type term |
volume |
| 505 0# - FORMATTED CONTENTS NOTE |
| Formatted contents note |
A -- B -- C -- D -- E -- F -- G -- H -- I -- J -- K -- L -- M -- N -- O -- P -- Q -- R -- S -- T -- U -- V -- W -- X -- Y -- Z. |
| 520 ## - SUMMARY, ETC. |
| Summary, etc. |
"Food is any substance consumed to provide nutritional support for an organism. It is usually of plant or animal origin, and contains essential nutrients, such as carbohydrates, fats, proteins, vitamins, or minerals. The substance is ingested by an organism and assimilated by the organism's cells to provide energy, maintain life, or stimulate growth. A drink or beverage is a liquid intended for human consumption. In addition to their basic function of satisfying thirst, drinks play important roles in human culture. To understand food and beverage, you must first understand the subject terms.<br/>This edition of Illustrated Dictionary of Food and Beverage is updated with new terms and revised comprehensively. These descriptive illustrations provide a concise and thorough understanding of the subject. The dictionary provides state-of-the-art scientific and practical terms, presented in an easy-to-use, A-Z order with pictures and figures as well as examples are given to clarify the terms. Packed with special full-page features on this subject and thousands of interesting entries, definitions, photographs and pictures developed in close consultation with team of experts, this is the ultimate reference tool for students and others dealing with the subject. The clear and spacious layout, guide words at the top of each page plus the A-Z 'tab' index on each page ensure that the dictionary is user-friendly. Bright, colorful illustrations and photographs support language learning and make it fun. Full sentence definitions and example show the headword used in a context familiar to the user"-- Back cover. |
| 650 #4 - SUBJECT ADDED ENTRY--TOPICAL TERM |
| Topical term or geographic name entry element |
Food |
| General subdivision |
Dictionary. |
| 650 #4 - SUBJECT ADDED ENTRY--TOPICAL TERM |
| Topical term or geographic name entry element |
Beverages |
| General subdivision |
Dictionary. |
| 710 1# - ADDED ENTRY--CORPORATE NAME |
| Corporate name or jurisdiction name as entry element |
3G E-Learning. |
| 942 ## - ADDED ENTRY ELEMENTS (KOHA) |
| Source of classification or shelving scheme |
Dewey Decimal Classification |
| Suppress in OPAC |
No |
| Koha item type |
Books |
| Classification part |
641.03 |
| Item part |
Il688 |
| Call number prefix |
CIR |
| Call number suffix |
2021 |